Catálogo de la Librería en venta del difunto Excimo. Sr. D. Antonio M. Fabré. (Record no. 43804)

MARC details
000 -LEADER
campo de control de longitud fija 00338nam a2200121 i 4500
001 - NÚMERO DE CONTROL
campo de control 43804
003 - IDENTIFICADOR DE NÚMERO DE CONTROL
campo de control ES-MaACL
007 - CAMPO FIJO DE DESCRIPCIÓN FÍSICA--INFORMACIÓN GENERAL
campo de control de longitud fija t|
008 - DATOS DE LONGITUD FIJA--INFORMACIÓN GENERAL
campo de control de longitud fija 030318s1900 sp ||||1| spa d
245 00 - MENCIÓN DEL TÍTULO
Título Catálogo de la Librería en venta del difunto Excimo. Sr. D. Antonio M. Fabré.
260 ## - PUBLICACIÓN, DISTRIBUCIÓN, ETC.
Lugar de publicación, distribución, etc. Madrid :
Nombre del editor, distribuidor, etc. [s.n.],
Fecha de publicación, distribución, etc. 1900.
852 ## - LOCALIZACIÓN
Ubicación ES-MaACL
Número de control de estantería T-960-F-4
Holdings
Estatus retirado Estado de pérdida Estado de daño No para préstamo Colección Biblioteca de origen Biblioteca actual Ubicación en estantería Fecha de adquisición Fuente de adquisición Total de préstamos Signatura topográfica completa Código de barras Visto por última vez Precio de reemplazo Tipo de ítem Koha
        Colección de folletos Biblioteca del Ateneo de Madrid Biblioteca del Ateneo de Madrid Depósito folletos 17/01/2008     T-960-F-4 1046108 23/02/2023 23/02/2023 Folleto